00504nam a2200193Ia 4500003000900000008004100009040001300050040001300063041000900076100002300085100000900108245010000117250001700217260003800234260000900272300001100281300001200292490000600304IT-RoPAU120407s9999 xx 000 0 und d aIT-RoPAU cIT-RoPAU apor  aEdvino Friederichs cs.j. aOnde os espiritos. Orientacà€o para os catò€licos sobre espiritismo, umbanda e charlatanismo. aPorto Alegre aPia Sociedade Filhas de Sao Paulo c1965 a283 p. c22,5 cm v1